[Event "9th Amplico Life Rapid"]
[Site "Warsaw POL"]
[Date "2009.12.20"]
[Round "10"]
[White "Weichhold,P"]
[Black "Bologan,V"]
[Result "1/2-1/2"]
[WhiteElo "2180"]
[BlackElo "2692"]
[EventDate "2009.12.19"]

1. e4 c5 2. Nf3 d6 3. d4 cxd4 4. Nxd4 Nf6 5. Nc3 a6 6. Bg5 e6 7. f4 Be7 8.
Qf3 Qc7 9. O-O-O Nbd7 10. g4 h6 11. Bxf6 Bxf6 12. h4 Qb6 13. Nde2 Nc5 14.
g5 Be7 15. Ng3 Bd7 16. Nh5 Rg8 17. f5 hxg5 18. Nxg7+ Rxg7 19. f6 Rg6 20.
fxe7 Kxe7 21. hxg5 Rag8 22. Rh7 Be8 23. Bc4 Nd7 24. Bxe6 Ne5 25. Nd5+ Kf8
26. Qh3 Qd8 27. Nf6 fxe6 28. Qxe6 Nf7 29. Rf1 R6g7 30. g6 Rxg6 31. Qxe8+
Qxe8 32. Nxe8 Rg1 33. Rhxf7+ Kxe8 34. Kd2 Rxf1 35. Rxf1 Ke7 36. Rf2 Ke6 37.
Kd3 Rg1 38. Rh2 b5 39. a3 Kd7 40. Rh6 Rd1+ 41. Kc3 a5 42. Rg6 Kc7 43. Rh6
Re1 44. Kd4 Kc6 45. Kd3 Kc5 46. Rh5+ Kc6 47. Rh6 Kc5 48. Rh5+ Kc6 49. a4
bxa4 50. Rxa5 Ra1 51. Kc4 Re1 52. Kd4 Ra1 53. Kc4 Re1 54. Kd4 Ra1 55. Kc4
Re1 56. Ra6+ Kd7 57. Kd4 Ra1 58. Kc4 Re1 59. Kd4 Ra1 60. Kc4 Re1 61. Kd4
1/2-1/2

[Event "9th Amplico Life Rapid"]
[Site "Warsaw POL"]
[Date "2009.12.20"]
[Round "11"]
[White "Markowski,T"]
[Black "Rajlich,I"]
[Result "1-0"]
[WhiteElo "2629"]
[BlackElo "2457"]
[EventDate "2009.12.19"]

1. g3 g6 2. Bg2 Bg7 3. c4 Nf6 4. Nc3 O-O 5. d3 c6 6. e4 e6 7. e5 Ne8 8. Nf3
d6 9. Bg5 Qc7 10. exd6 Nxd6 11. O-O Nd7 12. Re1 e5 13. Qc2 Nf5 14. b4 a5
15. a3 axb4 16. axb4 Rxa1 17. Rxa1 f6 18. Bd2 Rd8 19. Ne4 Nf8 20. Bc3 g5
21. Nfd2 Ne6 22. Nb3 g4 23. c5 Bd7 24. b5 Rb8 25. b6 Qd8 26. Ra7 Be8 27. h3
h5 28. Qe2 Nh6 29. hxg4 Nxg4 30. Nd6 Qd7 31. Bf3 Ng5 32. Bg2 Bf8 33. Nxe8
Qxe8 34. Bb4 Qe6 35. Na5 f5 36. Rxb7 Rxb7 37. Nxb7 e4 38. dxe4 fxe4 39. Na5
Ne5 40. Bxe4 h4 41. b7 hxg3 42. fxg3 Qh3 43. b8=Q Qxg3+ 44. Kf1 Qf4+ 45.
Kg2 Nxe4 46. Be1 Qg5+ 47. Kh1 Qf5 48. Qg2+ Kf7 49. Qb3+ Ke8 50. Qbh3 Qxh3+
51. Qxh3 Nxc5 52. Qc8+ Kf7 53. Nxc6 Nxc6 54. Qxc6 Ne6 55. Qd7+ Kf6 56. Bh4+
1-0

[Event "9th Amplico Life Rapid"]
[Site "Warsaw POL"]
[Date "2009.12.20"]
[Round "11"]
[White "Kurnosov,I"]
[Black "Setkauskas,V"]
[Result "1-0"]
[WhiteElo "2666"]
[BlackElo "2196"]
[EventDate "2009.12.19"]

1. e4 c5 2. Nf3 d6 3. c3 Nf6 4. Bd3 g6 5. h3 Bg7 6. Bc2 O-O 7. O-O Nc6 8.
Re1 Nd7 9. d4 cxd4 10. cxd4 Qb6 11. d5 Nd4 12. Nc3 Nxf3+ 13. Qxf3 Ne5 14.
Qe2 Bd7 15. Bb3 Rac8 16. Bg5 Rfe8 17. Rec1 Qb4 18. Bd2 Qd4 19. Rd1 Qd3 20.
Kf1 b5 21. Be3 Qxe2+ 22. Nxe2 Nc4 23. Bxc4 Rxc4 24. Bd4 Rec8 25. f3 Rc2 26.
Bxg7 Kxg7 27. Rab1 b4 28. Nd4 R2c5 29. Ke2 Kf6 30. h4 Ke5 31. Ke3 f5 32. g3
Rc4 33. Rd2 h6 34. Rh1 a6 35. h5 g5 36. f4+ Kf6 37. fxg5+ Kxg5 38. exf5
Bxf5 39. Rf2 Bg4 40. Rf7 Rc1 41. Rg7+ Kf6 42. Rg6+ Ke5 43. Rxc1 Rxc1 44.
Nc6+ Kxd5 45. Nxb4+ Kc5 46. Nd3+ Kd5 47. Nxc1 Bxh5 48. Rxh6 1-0

[Event "9th Amplico Life Rapid"]
[Site "Warsaw POL"]
[Date "2009.12.20"]
[Round "11"]
[White "Tiviakov,S"]
[Black "Nedilko,V"]
[Result "1-0"]
[WhiteElo "2664"]
[BlackElo "2400"]
[EventDate "2009.12.19"]

1. e4 c5 2. Nc3 d6 3. f4 Nc6 4. Nf3 g6 5. d4 cxd4 6. Nxd4 Bg7 7. Nb3 Nf6 8.
Be2 O-O 9. Be3 b6 10. O-O Bb7 11. Bf3 Nd7 12. Qe1 Rc8 13. Qf2 Nb4 14. a3
Na6 15. Nd4 Nac5 16. Rad1 a6 17. Nde2 Qc7 18. b4 Bxc3 19. Nxc3 Ne6 20. Nd5
Bxd5 21. exd5 Ng7 22. Bg4 b5 23. Bd4 Rce8 24. Rfe1 Nf6 25. Bf3 Nf5 26. Bb2
h5 27. Re2 Qc4 28. g3 Ng4 29. Qe1 Qc7 30. Kg2 Qa7 31. Rd3 Rc8 32. Be4 Ngh6
33. h3 Rc4 34. Rdd2 Qd7 35. Bd3 Rc7 36. Qf2 Rfc8 37. Rd1 Re8 38. Rde1 Qc8
39. Kh2 Qd8 40. Rg1 Qa8 41. g4 1-0

[Event "9th Amplico Life Rapid"]
[Site "Warsaw POL"]
[Date "2009.12.20"]
[Round "11"]
[White "Gritsak,O"]
[Black "Vidarte Morales,A"]
[Result "1-0"]
[WhiteElo "2521"]
[BlackElo "2423"]
[EventDate "2009.12.19"]

1. Nf3 f5 2. d4 Nf6 3. Bg5 Ne4 4. Bf4 c5 5. c3 Qb6 6. Qb3 e6 7. e3 d5 8.
Nbd2 Nxd2 9. Nxd2 Nc6 10. Be2 Be7 11. O-O Bd7 12. Nf3 O-O 13. h3 Rac8 14.
Rfd1 c4 15. Qc2 Qd8 16. b4 Bf6 17. a4 Be8 18. Ne5 Nxe5 19. dxe5 Bg5 20. a5
Kh8 21. Qd2 Bxf4 22. exf4 Rg8 23. Qe3 a6 24. Kh2 Qe7 25. Rd4 g5 26. fxg5
Qxg5 27. Qxg5 Rxg5 28. f4 Rg7 29. g4 Bg6 30. g5 Be8 31. h4 Rgc7 32. h5 Kg7
33. Kg3 Bf7 34. Kf2 Be8 35. Ke3 Bf7 36. Rd2 Be8 37. Kd4 Rd8 38. Bd1 Ra8 39.
Rh2 Bb5 40. Ba4 Kg8 41. Bd1 Be8 42. h6 Rcc8 43. Bh5 Bxh5 44. Rxh5 Kf7 45.
Rh2 Rc7 46. Rb2 Ke7 47. b5 axb5 48. Rxb5 Kd7 49. Rb6 Ra7 50. Ra2 Ke7 51.
Rb5 Kd7 52. Rab2 Ke7 53. Rb1 Kf7 54. Ke3 Ke7 55. g6 hxg6 56. h7 Ra8 57.
Rxb7 Kd7 58. a6 Kc6 59. Rxc7+ Kxc7 60. a7 1-0

[Event "9th Amplico Life Rapid"]
[Site "Warsaw POL"]
[Date "2009.12.20"]
[Round "11"]
[White "Piorun,K"]
[Black "Strzemiecki,Z"]
[Result "1-0"]
[WhiteElo "2475"]
[BlackElo "2333"]
[EventDate "2009.12.19"]

1. e4 e6 2. Nf3 d5 3. Nc3 d4 4. Ne2 c5 5. c3 dxc3 6. bxc3 Nc6 7. Ng3 g6 8.
Bc4 Bg7 9. O-O Nge7 10. Qe2 Qc7 11. Rd1 O-O 12. d4 Rd8 13. e5 b6 14. Ne4
cxd4 15. cxd4 Nf5 16. Bb2 Bb7 17. Rac1 Qe7 18. Nf6+ Bxf6 19. exf6 Qd6 20.
d5 exd5 21. Rxd5 Qf4 22. Rxd8+ Rxd8 23. Re1 Nd6 24. Bb3 h6 25. g3 Qg4 26.
Nh4 Qxe2 27. Rxe2 g5 28. Ng6 Na5 29. Ne7+ Kf8 30. Ba3 Nxb3 31. axb3 Nb5 32.
Nc6+ Nxa3 33. Nxd8 Bd5 34. Rd2 Bf3 35. Rd7 Ke8 36. Rxf7 Nb5 37. Rh7 1-0

[Event "9th Amplico Life Rapid"]
[Site "Warsaw POL"]
[Date "2009.12.20"]
[Round "11"]
[White "Bobula,M"]
[Black "Azarov,S"]
[Result "1/2-1/2"]
[WhiteElo "2397"]
[BlackElo "2622"]
[EventDate "2009.12.19"]

1. d4 Nf6 2. c4 e6 3. Nf3 b6 4. g3 Ba6 5. b3 Bb4+ 6. Bd2 Be7 7. Bg2 c6 8.
O-O d5 9. Bc3 Nbd7 10. Nbd2 O-O 11. Re1 c5 12. e4 dxe4 13. Nxe4 Nxe4 14.
Rxe4 Bb7 15. Re2 Bf6 16. Rd2 Qe8 17. Qc2 cxd4 18. Bxd4 Bxd4 19. Rxd4 Nf6
20. Rad1 Qe7 21. Ne5 Bxg2 22. Kxg2 Qb7+ 23. f3 Rac8 24. Nd7 Nxd7 25. Rxd7
Qb8 26. Qe4 Rc5 27. R1d2 Rc7 28. Qd4 Rxd7 29. Qxd7 h5 30. h4 a6 31. a4 Qe5
32. Qd4 Qe1 33. Qf2 Qc1 34. Rd6 b5 35. axb5 axb5 36. cxb5 Qc3 37. b6 Qxb3
38. Qd4 Qc2+ 39. Kh3 Qb1 40. Kg2 Qc2+ 41. Qd2 Qb1 42. Qd4 Qc2+ 43. Kh3 Qb1
44. Kg2 1/2-1/2

[Event "9th Amplico Life Rapid"]
[Site "Warsaw POL"]
[Date "2009.12.20"]
[Round "11"]
[White "Yemelin,V"]
[Black "Czerwonski,A"]
[Result "1-0"]
[WhiteElo "2584"]
[BlackElo "2385"]
[EventDate "2009.12.19"]

1. e4 d6 2. d4 Nf6 3. Bd3 c5 4. d5 g6 5. c4 Bg7 6. Nc3 O-O 7. h3 e6 8. Nf3
exd5 9. exd5 Qe7+ 10. Qe2 Qxe2+ 11. Kxe2 Re8+ 12. Kd1 Bd7 13. Bf4 Bf8 14.
Kc2 Na6 15. a3 Nc7 16. g4 b5 17. b3 a6 18. Nd2 Rac8 19. Nde4 Nxe4 20. Nxe4
bxc4 21. bxc4 Ba4+ 22. Kd2 Red8 23. Bg5 Bg7 24. Bxd8 Rxd8 25. Rab1 Be5 26.
Rb7 Ne8 27. Rhb1 1-0

[Event "9th Amplico Life Rapid"]
[Site "Warsaw POL"]
[Date "2009.12.20"]
[Round "11"]
[White "Kravtsiv,M"]
[Black "Brzeski,M"]
[Result "1-0"]
[WhiteElo "2543"]
[BlackElo "2336"]
[EventDate "2009.12.19"]

1. e4 c5 2. Nf3 Nc6 3. d4 cxd4 4. Nxd4 e5 5. Nb5 d6 6. c4 Be7 7. N1c3 a6 8.
Na3 f5 9. exf5 Bxf5 10. Bd3 Be6 11. O-O Nf6 12. Nc2 O-O 13. b3 Bg4 14. Qe1
Nh5 15. Nd5 Bg5 16. Ba3 Nf4 17. Nxf4 Rxf4 18. f3 Be6 19. Rd1 Kh8 20. Be4
Be7 21. Kh1 Qc7 22. Qe2 Rb8 23. Qd3 Rd8 24. Rd2 d5 25. cxd5 Bxa3 26. Nxa3
Bxd5 27. Bxd5 Rd4 28. Qe3 Qa5 29. Bxc6 Rxd2 30. b4 Rd1 31. Rg1 Qxb4 32. Be4
Qb2 33. h3 Rxg1+ 34. Kxg1 b5 35. Nc2 Rd1+ 36. Kf2 Qc1 37. Ke2 Qxe3+ 38.
Nxe3 Rb1 39. Bxb1 1-0

[Event "9th Amplico Life Rapid"]
[Site "Warsaw POL"]
[Date "2009.12.20"]
[Round "11"]
[White "Nguyen,P"]
[Black "Olszewski,Mi"]
[Result "0-1"]
[WhiteElo "2353"]
[BlackElo "2541"]
[EventDate "2009.12.19"]

1. c4 Nf6 2. g3 e6 3. Bg2 c5 4. Nf3 Qc7 5. O-O a6 6. Nc3 b6 7. e4 d6 8. d3
Be7 9. a3 Nc6 10. Rb1 O-O 11. b4 Bb7 12. Bf4 Nd7 13. h4 Nde5 14. Nh2 Bf6
15. Ne2 b5 16. cxb5 axb5 17. bxc5 dxc5 18. Rxb5 Qd7 19. a4 Ba6 20. Rxc5
Qxd3 21. Qxd3 Bxd3 22. Re1 Rxa4 23. Nc1 Ba6 24. Nb3 Nd3 25. e5 Nxe1 26.
Bxc6 Ra3 27. exf6 Rxb3 28. fxg7 Rd8 29. Ng4 f5 30. Nf6+ Kxg7 31. Bg5 Rd1
32. Kh2 Rb2 33. Nh5+ Kf7 34. Be3 Nd3 35. Bf3 Nxc5 36. Bxd1 Nd3 37. Kg2 Bb7+
38. Kf1 e5 0-1

[Event "9th Amplico Life Rapid"]
[Site "Warsaw POL"]
[Date "2009.12.20"]
[Round "11"]
[White "Maier,C"]
[Black "Neiksans,A"]
[Result "0-1"]
[WhiteElo "2350"]
[BlackElo "2487"]
[EventDate "2009.12.19"]

1. c4 e5 2. Nc3 Nc6 3. g3 g6 4. Bg2 Bg7 5. Rb1 a5 6. a3 f5 7. b4 axb4 8.
axb4 d6 9. b5 Nce7 10. Bb2 Nf6 11. d3 O-O 12. Nf3 h6 13. Ra1 Rxa1 14. Qxa1
g5 15. h4 g4 16. Nd2 Nh5 17. Qa8 b6 18. O-O f4 19. Nce4 Nf5 20. Qb8 Kh7 21.
e3 fxg3 22. fxg3 Nfxg3 23. Rxf8 Qxf8 24. Qxc7 Ne2+ 25. Kh1 Nhg3+ 26. Kh2
Nf5 27. h5 Nxe3 28. Qxd6 Qf4+ 29. Kh1 Qf5 30. Qg6+ Qxg6 31. hxg6+ Kxg6 32.
Nd6 Nxg2 33. Nxc8 Ngf4 34. c5 g3 35. Nf3 e4 36. dxe4 Bxb2 37. cxb6 Kh5 38.
Ne1 Be5 39. Ne7 Bc3 40. Ng2 Nd3 41. Ne3 Bd4 42. b7 Bxe3 43. b8=Q Nef4 44.
Qe8+ Kg4 45. Qg8+ Kf3 46. Qxg3+ Kxg3 47. Nf5+ Kf3 48. Nxh6 Nf2+ 49. Kh2 Ne2
0-1

[Event "9th Amplico Life Rapid"]
[Site "Warsaw POL"]
[Date "2009.12.20"]
[Round "11"]
[White "Sadzikowski,D"]
[Black "Sotsky,A"]
[Result "1/2-1/2"]
[WhiteElo "2287"]
[BlackElo "2410"]
[EventDate "2009.12.19"]

1. e4 e6 2. d4 d5 3. Nd2 dxe4 4. Nxe4 Bd7 5. Nf3 Bc6 6. Bd3 Bxe4 7. Bxe4 c6
8. O-O Nf6 9. Bd3 Bd6 10. c4 Nbd7 11. b3 Qc7 12. Bb2 O-O 13. h3 Rfe8 14.
Qc2 g6 15. Rad1 Bf8 16. Rfe1 Bg7 17. Bc1 e5 18. dxe5 Nxe5 19. Nxe5 Rxe5 20.
Rxe5 Qxe5 21. Bb2 Qg5 22. Be2 Re8 23. Bf3 h5 24. c5 h4 25. b4 a6 26. a4 Nh5
27. Bxg7 Nxg7 28. b5 axb5 29. axb5 Re5 30. bxc6 bxc6 31. Bxc6 Rxc5 32. Qa4
1/2-1/2

[Event "9th Amplico Life Rapid"]
[Site "Warsaw POL"]
[Date "2009.12.20"]
[Round "11"]
[White "Hracek,Z"]
[Black "Gdanski,J"]
[Result "1-0"]
[WhiteElo "2624"]
[BlackElo "2509"]
[EventDate "2009.12.19"]

1. d4 Nf6 2. c4 c5 3. d5 g6 4. Nc3 d6 5. e4 Bg7 6. Bd3 e6 7. h3 exd5 8.
cxd5 a6 9. a4 Nbd7 10. Nf3 Nh5 11. Bg5 Qc7 12. O-O O-O 13. Qd2 Rb8 14. Rfe1
Re8 15. Bf1 Ne5 16. Be2 f5 17. exf5 Qf7 18. Nxe5 Bxe5 19. fxg6 hxg6 20.
Bxh5 gxh5 21. Bf4 Qg7 22. Bxe5 dxe5 23. Re3 h4 24. Rae1 Bf5 25. f4 e4 26.
Nxe4 Bxe4 27. Rxe4 Rxe4 28. Rxe4 Rd8 29. f5 Qf6 30. a5 Kf7 31. b4 c4 32.
Rxc4 Qa1+ 33. Kh2 Qe5+ 34. Qf4 1-0

[Event "9th Amplico Life Rapid"]
[Site "Warsaw POL"]
[Date "2009.12.20"]
[Round "11"]
[White "Tomczak,J"]
[Black "Miton,K"]
[Result "0-1"]
[WhiteElo "2500"]
[BlackElo "2586"]
[EventDate "2009.12.19"]

1. e4 c6 2. Nc3 d5 3. Nf3 Bg4 4. h3 Bxf3 5. Qxf3 e6 6. d3 Nd7 7. Bd2 g6 8.
g3 Bg7 9. Bg2 Ne7 10. O-O O-O 11. Qe2 Qb6 12. Rab1 Rae8 13. Kh2 f5 14. f4
d4 15. Nd1 e5 16. Nf2 exf4 17. Bxf4 Nd5 18. Bd2 f4 19. Nh1 Qc7 20. gxf4
Nxf4 21. Bxf4 Rxf4 22. Rxf4 Qxf4+ 23. Kg1 Be5 24. Rf1 Qh2+ 25. Kf2 Nf6 26.
Ke1 Nd5 27. Bf3 Qxh3 28. Nf2 Bg3 29. Rh1 Qd7 30. Rg1 Qd6 31. Kd1 Ne3+ 32.
Kc1 Bxf2 33. Qxf2 Qf4 34. Qg3 Rf8 35. Qxf4 Rxf4 36. Be2 Rf2 37. Kd2 Nxc2
38. Rg5 Ne3 39. b4 Ng2 40. Kd1 Nf4 41. Bg4 0-1

[Event "9th Amplico Life Rapid"]
[Site "Warsaw POL"]
[Date "2009.12.20"]
[Round "11"]
[White "Schmidt,Wl"]
[Black "Macieja,B"]
[Result "1/2-1/2"]
[WhiteElo "2395"]
[BlackElo "2627"]
[EventDate "2009.12.19"]

1. Nf3 c5 2. c4 Nf6 3. Nc3 Nc6 4. g3 g6 5. Bg2 Bg7 6. d4 cxd4 7. Nxd4 O-O
8. O-O Nxd4 9. Qxd4 d6 10. Qd3 a6 11. Bd2 Rb8 12. Rac1 b5 13. cxb5 axb5 14.
Nxb5 Bf5 15. e4 Nxe4 16. Bxe4 Bxe4 17. Qxe4 Rxb5 18. b4 d5 19. Qd3 Rb7 20.
b5 e5 21. Rfe1 e4 22. Qb3 Re8 23. a4 d4 24. Kg2 h5 25. Rc6 Kh7 26. Qc4 h4
27. b6 Rxb6 28. Rxb6 Qxb6 29. Qxf7 Qd8 30. Bg5 Rf8 31. Qxg7+ Kxg7 32. Bxd8
Rxd8 33. Rxe4 hxg3 34. hxg3 d3 35. Re1 Ra8 36. Rd1 Rxa4 37. Rxd3 g5 38. Kh3
Kg6 39. Rd6+ Kh5 40. Rd5 Kg6 41. f3 g4+ 42. fxg4 Ra1 43. g5 Ra4 44. Re5 Rb4
45. Kg2 Rg4 46. Kf3 Rxg5 1/2-1/2

[Event "9th Amplico Life Rapid"]
[Site "Warsaw POL"]
[Date "2009.12.20"]
[Round "11"]
[White "Narmontas,M"]
[Black "Zubov,A UKR"]
[Result "0-1"]
[WhiteElo "2370"]
[BlackElo "2581"]
[EventDate "2009.12.19"]

1. e4 d6 2. d4 Nf6 3. Nc3 g6 4. g3 Bg7 5. Bg2 O-O 6. Nge2 e5 7. h3 b6 8.
O-O Bb7 9. f4 Nbd7 10. d5 exf4 11. gxf4 Re8 12. Ng3 Nc5 13. Be3 c6 14. b4
Ncxe4 15. Ncxe4 Nxe4 16. Nxe4 cxd5 17. Ng5 Bxa1 18. Bxd5 Bxd5 19. Qxd5 Qe7
20. Bd2 Bf6 21. f5 Bxg5 22. fxg6 Be3+ 23. Bxe3 Qxe3+ 24. Rf2 Qe1+ 25. Rf1
Qg3+ 26. Kh1 Qxh3+ 27. Kg1 Qg4+ 0-1

[Event "9th Amplico Life Rapid"]
[Site "Warsaw POL"]
[Date "2009.12.20"]
[Round "11"]
[White "Mista,A"]
[Black "Urban,K"]
[Result "0-1"]
[WhiteElo "2563"]
[BlackElo "2478"]
[EventDate "2009.12.19"]

1. e4 c6 2. d4 d5 3. Nd2 dxe4 4. Nxe4 Nd7 5. Ng5 Ngf6 6. Bc4 e6 7. Qe2 Nb6
8. Bd3 h6 9. N5f3 c5 10. Be3 Qc7 11. Ne5 a6 12. Ngf3 Nbd5 13. O-O Be7 14.
Bd2 cxd4 15. Nxd4 O-O 16. c4 Nb4 17. Bb1 Rd8 18. Ndf3 Nc6 19. Bc3 Nxe5 20.
Nxe5 b5 21. b3 Bb7 22. Re1 bxc4 23. bxc4 Bc5 24. Bc2 Bd4 25. Bxd4 Rxd4 26.
Rad1 Rad8 27. h3 Rxd1 28. Rxd1 Rxd1+ 29. Qxd1 Qb6 30. Qb1 Qxb1+ 31. Bxb1
Kf8 32. f3 Ke7 33. c5 Bd5 34. Kf2 Nd7 35. Nd3 Bc4 36. c6 Nb6 37. Ne5 Bd5
38. Bd3 f6 39. Ng6+ Kd6 40. Bxa6 Bxa2 41. Nf4 Nd5 42. Nh5 g6 43. Ng3 Kxc6
44. Bd3 f5 45. Ne2 Kc5 46. g4 Bc4 47. Bxc4 Kxc4 48. h4 f4 49. Ng1 Kd3 50.
Ne2 e5 51. Nc1+ Kc2 52. Ne2 Kd2 53. Ng1 Nc3 54. Nh3 Nd1+ 55. Kg2 Ke3 56. h5
gxh5 57. gxh5 Ke2 58. Ng1+ Ke1 59. Nh3 Ne3+ 60. Kg1 Ke2 61. Ng5 hxg5 62. h6
g4 63. h7 gxf3 64. h8=Q f2+ 65. Kh2 f1=Q 66. Qh5+ f3 0-1

[Event "9th Amplico Life Rapid"]
[Site "Warsaw POL"]
[Date "2009.12.20"]
[Round "11"]
[White "Vysochin,S"]
[Black "Grabarczyk,M"]
[Result "1/2-1/2"]
[WhiteElo "2555"]
[BlackElo "2475"]
[EventDate "2009.12.19"]

1. e4 e5 2. Nf3 Nf6 3. Nc3 Nc6 4. Bb5 Bd6 5. d3 O-O 6. a3 h6 7. O-O Re8 8.
h3 Bf8 9. Be3 d6 10. Qd2 Bd7 11. Nh2 a6 12. Bc4 Be6 13. Bxe6 Rxe6 14. Nd5
Re8 15. c4 Nxd5 16. cxd5 Ne7 17. f4 exf4 18. Rxf4 Ng6 19. Rf5 Re5 20. Rf2
c6 21. Nf3 Re8 22. dxc6 bxc6 23. Nd4 Rc8 24. Raf1 d5 25. Rxf7 dxe4 26. dxe4
c5 27. Nb3 Rxe4 28. Qxd8 Rxd8 29. Bxc5 Re2 30. Bxf8 Rxf8 31. R7f2 Rfxf2 32.
Rxf2 Re1+ 33. Kh2 Nf8 34. Nd2 Ne6 35. Nc4 Re4 36. Nd6 Re3 37. Nf5 Re5 38.
b4 a5 39. Ne7+ Kh7 40. Nc6 Re1 41. Nxa5 h5 42. Nc4 h4 43. g3 Rc1 44. Ne5
Rc3 45. gxh4 Rxa3 46. Rb2 Nf4 47. b5 Rxh3+ 48. Kg1 Nd5 49. Rd2 Nb6 50. Rd6
Nc8 51. Rd8 Nb6 52. Nf7 Kg6 53. Ng5 Rxh4 54. Nf3 Rg4+ 55. Kf2 Kh7 56. Rd6
Nc8 57. Re6 g6 58. Ke3 Rb4 59. Nd4 Kh6 60. Ra6 Ne7 61. Kd3 Kh5 62. Re6 Nf5
63. Nxf5 gxf5 64. Re5 Kg4 65. Kc3 Rb1 66. Kc4 f4 67. Re8 f3 68. Rg8+ Kf4
69. Rf8+ Ke3 70. Re8+ Kf4 71. Rf8+ Ke3 1/2-1/2

[Event "9th Amplico Life Rapid"]
[Site "Warsaw POL"]
[Date "2009.12.20"]
[Round "11"]
[White "Muzychuk,A"]
[Black "Stupak,K"]
[Result "1/2-1/2"]
[WhiteElo "2532"]
[BlackElo "2456"]
[EventDate "2009.12.19"]

1. e4 e6 2. d4 d5 3. Nc3 Nc6 4. Nf3 Nf6 5. Bg5 Be7 6. Bxf6 Bxf6 7. Bb5 O-O
8. Qd2 Be7 9. a3 Na5 10. O-O c6 11. Bd3 b5 12. Ne2 Nc4 13. Qc1 a6 14. b3
Nb6 15. Ng3 c5 16. exd5 c4 17. Be4 exd5 18. Bf5 g6 19. Bxc8 Rxc8 20. Qd2
Bd6 21. Rfe1 f6 22. Qa5 Ra8 23. Re6 Qc7 24. Rae1 Ra7 25. a4 Nc8 26. Qd2 Rb7
27. axb5 axb5 28. Qh6 Ra7 29. Qh4 Qf7 30. Qg4 Bb4 31. R1e2 Ra1+ 32. Nf1 Ra7
33. h4 Re7 34. Rxe7 Nxe7 35. Qd7 cxb3 36. cxb3 Nf5 37. Qxb5 Bd6 38. Qc6 Rd8
39. Ne3 Ne7 40. Qb6 Rd7 41. g3 h5 42. Ra2 Qe6 43. Qb5 Bxg3 44. fxg3 Qxe3+
45. Kg2 Qe6 46. Re2 Qd6 47. Qc5 Kf7 48. b4 Nf5 49. Qxd6 Nxd6 50. Ne1 Rb7
51. Nc2 Nf5 52. Kf2 Rc7 53. Ne3 Nxe3 54. Rxe3 Rb7 55. Rb3 Rb5 56. Ke3 Ke6
57. Kf4 Kf7 58. Rb1 Ke6 59. g4 hxg4 60. Kxg4 Rb8 61. b5 Kd6 62. Rf1 Ke6 63.
Re1+ Kd7 64. Rb1 Rh8 65. Rc1 Re8 66. Rc6 Re4+ 67. Kg3 Ke7 68. Rc3 Rxd4 69.
Rb3 Kd7 70. b6 Kc8 71. b7+ Kb8 72. Rb6 g5 73. hxg5 fxg5 74. Rb5 g4 75. Kh4
1/2-1/2

[Event "9th Amplico Life Rapid"]
[Site "Warsaw POL"]
[Date "2009.12.20"]
[Round "11"]
[White "Sudakova,I"]
[Black "Warakomski,T"]
[Result "0-1"]
[WhiteElo "2350"]
[BlackElo "2485"]
[EventDate "2009.12.19"]

1. e4 g6 2. d4 Bg7 3. Nc3 c6 4. Be3 d5 5. Qd2 dxe4 6. Nxe4 Nd7 7. Bc4 Ngf6
8. Nxf6+ Nxf6 9. Nf3 O-O 10. O-O Ne4 11. Qe2 Nd6 12. Bb3 Bg4 13. h3 Bxf3
14. Qxf3 a5 15. a4 Nf5 16. Rad1 e6 17. Rd2 Qb6 18. Rfd1 Rad8 19. Qe4 Rd7
20. g4 Nxe3 21. fxe3 Qb4 22. Rf2 c5 23. Bxe6 Re7 24. Rxf7 Rfxf7 25. Rf1 Kf8
26. Rxf7+ Rxf7 27. Bxf7 Kxf7 28. Qd5+ Ke7 29. c3 Qb6 30. Qe4+ Kf8 31. Qf3+
Kg8 32. Qd5+ Kh8 33. dxc5 Qc7 34. Qd6 Qxd6 35. cxd6 Kg8 36. d7 Bf6 37. e4
Kf7 38. e5 Bd8 39. b4 Ke6 40. Kf2 Kxe5 41. Kf3 Ke6 42. Ke4 Kxd7 43. Kd5 Be7
44. bxa5 Bd8 45. Ke5 Bxa5 46. Kf6 Bxc3+ 47. Kf7 Kc6 48. Kg8 g5 49. Kxh7 Be1
0-1

[Event "9th Amplico Life Rapid"]
[Site "Warsaw POL"]
[Date "2009.12.20"]
[Round "11"]
[White "Socko,M"]
[Black "Przybylski,W"]
[Result "0-1"]
[WhiteElo "2457"]
[BlackElo "2326"]
[EventDate "2009.12.19"]

1. e4 e5 2. Nf3 Nc6 3. Bc4 Nf6 4. Ng5 d5 5. exd5 Na5 6. Bb5+ c6 7. dxc6
bxc6 8. Be2 h6 9. Nh3 Bc5 10. d3 O-O 11. O-O Nd5 12. c4 Ne7 13. Nc3 Bd4 14.
Kh1 Bxh3 15. gxh3 Qd7 16. Bg4 f5 17. Bf3 Rad8 18. Be2 Kh7 19. Bd2 Nb7 20.
Qc2 Nc5 21. Rad1 Ng6 22. Bh5 Rf6 23. Ne2 Ne6 24. Be3 Ngf4 25. Bxf4 exf4 26.
Qd2 Qd6 27. Ng1 g6 28. Bf3 Ng5 29. b4 Re6 30. Rfe1 Bf6 31. a4 h5 32. b5 c5
33. Bd5 Re5 34. Rxe5 Bxe5 35. h4 Ne6 36. Bxe6 Qxe6 37. Nf3 Bf6 38. Kg2 Qd6
39. a5 Rg8 40. Qe2 Qd8 41. Re1 Qxa5 42. Qe6 Qd8 43. Qa6 Rg7 44. Qc6 Rc7 45.
Qe8 Qxd3 46. Re6 Qd8 47. Ng5+ Kg7 48. Qxd8 Bxd8 49. Nh3 Re7 50. Nxf4 Kf7
51. Rxg6 Re4 52. Rd6 Be7 53. Rd7 Rxf4 54. Rxa7 Rxc4 55. Rc7 Rb4 56. Rb7
Rxh4 57. b6 Rb4 58. Kf3 Ke6 59. Rb8 Rb3+ 60. Ke2 Bd6 61. Rh8 Rxb6 62. Rxh5
Ke5 63. h4 c4 64. Rh8 Rb2+ 65. Kf3 Rb3+ 66. Ke2 Rh3 67. h5 Kf4 68. h6 c3
69. Rc8 Be5 70. Rc6 Kg5 71. Rc5 Bf6 0-1

[Event "9th Amplico Life Rapid"]
[Site "Warsaw POL"]
[Date "2009.12.20"]
[Round "11"]
[White "Muzychuk,M"]
[Black "Chalupnik,M"]
[Result "0-1"]
[WhiteElo "2447"]
[BlackElo "2284"]
[EventDate "2009.12.19"]

1. e4 c5 2. Nf3 d6 3. c3 Nf6 4. Be2 e6 5. O-O Be7 6. d3 O-O 7. Nbd2 Nc6 8.
d4 cxd4 9. cxd4 d5 10. e5 Ne4 11. Bd3 f5 12. exf6 Bxf6 13. Bxe4 dxe4 14.
Nxe4 Bxd4 15. Bg5 Qb6 16. Nxd4 Qxd4 17. Qe2 e5 18. Rfd1 Qb4 19. Bd2 Qe7 20.
Bc3 Bf5 21. Ng3 Bg6 22. b4 a6 23. a4 Rfe8 24. b5 axb5 25. axb5 Rxa1 26.
Rxa1 Qc5 27. Qb2 Nd4 28. b6 Rc8 29. Bd2 h5 30. h4 Qe7 31. Bg5 Qe6 32. Ne2
Qd5 33. Nc3 Rxc3 34. Ra8+ Kh7 35. Qb4 Qc5 36. Qxc5 Rxc5 37. Rb8 Be4 38. Be3
Rb5 39. Re8 Nf5 40. Bg5 Bc6 41. Rf8 Kg6 42. Bd8 e4 43. Bc7 e3 44. fxe3 Nxe3
45. Kf2 Ng4+ 46. Ke2 Rb2+ 47. Kd3 Rxg2 48. Rd8 Nf6 49. Rd6 Be4+ 50. Ke3
Rg3+ 51. Kf2 Rh3 52. Rd4 Rxh4 53. Bg3 Rg4 54. Be5 h4 55. Ke3 h3 56. Rd1 Kf5
57. Bc7 Nd5+ 58. Kf2 Rg2+ 59. Ke1 h2 60. Ra1 Rg3 0-1

[Event "9th Amplico Life Rapid"]
[Site "Warsaw POL"]
[Date "2009.12.20"]
[Round "11"]
[White "Pileckis,E"]
[Black "Kantans,T"]
[Result "1-0"]
[WhiteElo "2438"]
[BlackElo "2281"]
[EventDate "2009.12.19"]

1. Nf3 e6 2. c4 b6 3. Nc3 Bb7 4. g3 f5 5. Bg2 Nf6 6. O-O Bb4 7. Qc2 O-O 8.
a3 Bxc3 9. Qxc3 a5 10. b3 Na6 11. Bb2 Nc5 12. Qc2 Qe7 13. d3 d6 14. b4 axb4
15. axb4 Ncd7 16. Nd4 Bxg2 17. Kxg2 c5 18. Nc6 Qe8 19. b5 Qh5 20. f3 Qg5
21. d4 d5 22. dxc5 dxc4 23. Qc1 f4 24. Rxa8 Rxa8 25. Qxc4 Nd5 26. Bc1 Nxc5
27. Bxf4 Nxf4+ 28. Qxf4 Qxf4 29. gxf4 Ra2 30. Kf2 Rb2 31. Nd4 Kf7 32. Ra1
Nb3 33. Ra7+ Kf6 34. Nc6 Nc1 35. Ne5 Nb3 1-0

[Event "9th Amplico Life Rapid"]
[Site "Warsaw POL"]
[Date "2009.12.20"]
[Round "11"]
[White "Repkova,E"]
[Black "Najbar,Mar"]
[Result "0-1"]
[WhiteElo "2434"]
[BlackElo "2222"]
[EventDate "2009.12.19"]

1. e4 c5 2. b3 Nc6 3. Bb2 e5 4. Bb5 Nge7 5. f4 a6 6. Bxc6 Nxc6 7. fxe5 Qh4+
8. Kf1 Qxe4 9. Nf3 Be7 10. Nc3 Qg6 11. Nd5 O-O 12. d3 b5 13. Kf2 Bb7 14.
Rf1 Rae8 15. Kg1 Bd8 16. c4 d6 17. exd6 Qxd6 18. Qd2 Nd4 19. Nxd4 cxd4 20.
Qf4 Qxf4 21. Nxf4 Bf6 22. Rae1 Re5 23. Re2 Rxe2 24. Nxe2 Re8 25. Kf2 Bxg2
26. Rg1 Bb7 27. Bxd4 Rxe2+ 28. Kxe2 Bxd4 29. Rc1 f5 30. cxb5 axb5 31. Rc7
Bg2 32. Rd7 Bg1 33. Rd8+ Kf7 34. Rd7+ Kf6 35. Rd6+ Kg5 36. h4+ Kxh4 37. Rd7
g5 38. Rxh7+ Kg3 39. Rg7 g4 40. Rg5 f4 41. Rxb5 f3+ 42. Kd2 f2 43. Rf5 Bf3
0-1